Spotify Song Head to Head - Statistics

General Stats
  • This quiz has been taken 644 times
  • The average score is 7 of 10
Answer Stats
Question Answer % Correct
Who wins the "Lose" battle? Lose Yourself (Eminem)
86%
Who wins the Songs with Numbers battle? Seven Nation Army (The White Stripes)
85%
Who wins the Jump battle? Jump (Van Halen)
82%
Who wins Grunge vs Alternative Rock battle? Smells Like Teen Spirit (Nirvana)
77%
Who wins 2000s Pop battle? Umbrella (Rihanna)
72%
Who wins the Country battle? Jolene (Dolly Parton)
65%
Who wins the Punk battle? London Calling (The Clash)
65%
Who wins the Classic Rock battle? Highway to Hell (ACDC)
57%
Who wins the 2000s battle? Mr Brightside (Killers)
51%
Who wins the female British Singer battle? Rehab (Amy Winehouse)
36%
No matching quizzes found
Score Distribution
Percent of People with Each Score
Percentile by Number Answered
Your Score History
You have not taken this quiz